000
00319nam a22001457a 4500
008
210322b ||||| |||| 00| 0 eng d
020
_a
0443018421
041
_a
eng
080
_2
2nd
_a
618
082
_a
618
100
_a
10
101
_a
GJIN
245
_a
Gynaecology Illustrated
_c
Garrey, M. M
942
_2
udc
_c
BK
999
_c
56659
_d
56659